| 000 | 01014cam a2200253 a 4500 | ||
|---|---|---|---|
| 001 | 16323993 | ||
| 005 | 20180223095526.0 | ||
| 008 | 100709s2010 nyua bc 001 0 eng | ||
| 010 | _a 2010028976 | ||
| 020 | _a9781588393982 (the Metropolitan Museum of Art (hc) | ||
| 020 | _a9780300166576 (Yale University Press (hc) | ||
| 040 |
_aDLC _cDLC _dDLC |
||
| 041 | _aeng | ||
| 080 | _a759.9493 wym | ||
| 082 | 0 | 0 |
_a759.9493 wym _222 |
| 100 | 1 | _a42 | |
| 101 | _aart | ||
| 245 | 1 | 0 |
_aMan, myth, and sensual pleasures : _cMaryan W. Ainsworth, Stijn Alsteens, and Nadine M. Orenstein ; edited by Maryan W. Ainsworth ; with contributions by Lorne Campbell ... [et al.]. |
| 246 | 3 | 0 | _aJan Gossart's Renaissance |
| 504 | _aIncludes bibliographical references (p. 437-473) and index. | ||
| 906 |
_a7 _bcbc _corignew _d1 _eecip _f20 _gy-gencatlg |
||
| 942 |
_2ddc _cBK |
||
| 999 |
_c43332 _d43332 |
||